MAASAI MARA UNIVERSITY

LIBRARY CATALOGUE

Contact Us: +254 020 2685356/7 or 0774 057787

Box: 861-20500, NAROK, KENYA

Email: info@mmarau.ac.ke

_Project Management A managerial Approach [4th ed.] Jack R Meredith (Record no. 9093)

MARC details
000 -LEADER
fixed length control field 00466nam a2200157Ia 4500
008 - FIXED-LENGTH DATA ELEMENTS--GENERAL INFORMATION
fixed length control field 151021s9999 xx 000 0 und d
020 ## - INTERNATIONAL STANDARD BOOK NUMBER
International Standard Book Number 471393592
050 ## - LIBRARY OF CONGRESS CALL NUMBER
Classification number HD 69.P75M47 2000
245 ## - TITLE STATEMENT
Title _Project Management A managerial Approach [4th ed.] Jack R Meredith
260 ## - PUBLICATION, DISTRIBUTION, ETC. (IMPRINT)
Place of publication, distribution, etc. New York Wiley 2000
300 ## - PHYSICAL DESCRIPTION
Extent 616p;ill.
500 ## - GENERAL NOTE
General note Includes index
650 ## - SUBJECT ADDED ENTRY--TOPICAL TERM
Topical term or geographic name as entry element _project management
700 ## - ADDED ENTRY--PERSONAL NAME
Personal name _Samwel J.Mantel,Jr.
980 ## - EQUIVALENCE OR CROSS-REFERENCE-SERIES STATEMENT--PERSONAL NAME/TITLE [LOCAL, CANADA]
Personal name ^d20150410 11:08:45^okorir

No items available.

© 2016 Maasai Mara University.